Marketing vzťahov - cesta k zvýšeniu konkurenčnej výkonnosti podniku v podmienkach európskeho hospodárskeho priestoru

Podstata a význam vzťahového marketingu. Riadenie vzťahov so zákazníkmi - CRM (Customer relatioship management). Strategické CRM, operatívne CRM, analytické CRM. Data mining. Ciele CRM - budovanie zákazníckej lojality.

Guardado en:
Detalles Bibliográficos
Autor principal: Čihovská, Viera
Formato: Capítulo de libro
Lenguaje:eslovaco
Materias:
Etiquetas: Agregar Etiqueta
Sin Etiquetas, Sea el primero en etiquetar este registro!

MARC

LEADER 00000naa$a2200000$$$4500
001 0088889
005 20240502072007.8
041 0 |a slo 
044 |a SK 
245 1 0 |a Marketing vzťahov - cesta k zvýšeniu konkurenčnej výkonnosti podniku v podmienkach európskeho hospodárskeho priestoru  |c Viera Čihovská 
520 |a Podstata a význam vzťahového marketingu. Riadenie vzťahov so zákazníkmi - CRM (Customer relatioship management). Strategické CRM, operatívne CRM, analytické CRM. Data mining. Ciele CRM - budovanie zákazníckej lojality. 
610 2 0 |a marketing 
610 2 0 |a riadenie vzťahov so zákazníkmi 
610 2 0 |a systém CRM 
610 2 0 |a lojálnosť zákazníkov 
100 1 |a Čihovská, Viera